Southville International School and Colleges
Your cart is empty.
  • Cart
  • Lists
    Public lists Eva Luna New books Lux_list list_1
    Your lists Log in to create your own lists
  • Log in to your account
  • Your cookies
  • Search history
Southville International School and Colleges
  • Advanced search
  • Recent comments
  • Most popular
  • Libraries

Log in to your account

Log in with GOOGLE


If you do not have an external account, but do have a local account, you can still log in:

  1. Home
  2. MARC view: Teaching and learning and the curriculum :
Normal view MARC view ISBD view

Teaching and learning and the curriculum : (Record no. 25208)

[ view plain ]
MARC details
000 -LEADER
fixed length control field 01120nam a2200253 a 4500
005 - DATE AND TIME OF LATEST TRANSACTION
control field 20140310183608.0
008 - FIXED-LENGTH DATA ELEMENTS--GENERAL INFORMATION
fixed length control field 120727s19uu xx 00 eng d
020 ## - INTERNATIONAL STANDARD BOOK NUMBER
International Standard Book Number 9781441143518
050 ## - LIBRARY OF CONGRESS CALL NUMBER
Classification number LB 1570
Item number .M77 2012
100 ## - MAIN ENTRY--PERSONAL NAME
Personal name Mufti, Emmanuel
245 ## - TITLE STATEMENT
Title Teaching and learning and the curriculum :
Remainder of title a critical introduction /
Statement of responsibility, etc Emmanuel Mufti and Mark Peace.
260 ## - PUBLICATION, DISTRIBUTION, ETC. (IMPRINT)
Place of publication, distribution, etc New York :
Name of publisher, distributor, etc Continuum,
Date of publication, distribution, etc 2012.
300 ## - PHYSICAL DESCRIPTION
Extent 188 p. :
Other physical details ill. col. ;
Dimensions 25 cm.
500 ## - GENERAL NOTE
General note Includes bibliographical references (p. [176]-181) and index
520 ## - SUMMARY, ETC.
Summary, etc Introduction -- Learning theory: conventions and traditions -- Learning theory: new directions -- Intelligence and capacity -- Historical approaches to the curriculum and models of design -- Knowledge, power and ideology -- Knowledge as resistance -- Knowledge and technology -- School ethos and teaching styles -- Conclusion.
521 ## - TARGET AUDIENCE NOTE
Target audience note
650 ## - SUBJECT ADDED ENTRY--TOPICAL TERM
Topical term or geographic name as entry element Education
General subdivision Curricula
-- Social aspects
650 ## - SUBJECT ADDED ENTRY--TOPICAL TERM
Topical term or geographic name as entry element Critical pedagogy
650 ## - SUBJECT ADDED ENTRY--TOPICAL TERM
Topical term or geographic name as entry element Learning
650 ## - SUBJECT ADDED ENTRY--TOPICAL TERM
Topical term or geographic name as entry element Constructivism (Education)
700 ## - ADDED ENTRY--PERSONAL NAME
Personal name Peace, Mark
942 ## - ADDED ENTRY ELEMENTS (KOHA)
Koha item type Books
Source of classification or shelving scheme Library of Congress Classification
Call number prefix Foreign
Holdings
Withdrawn status Lost status Source of classification or shelving scheme Damaged status Home library Current library Shelving location Date acquired Total Checkouts Full call number Barcode Date last seen Copy number Price effective from Koha item type
    Library of Congress Classification   College Library College Library Reserve Section 07/27/2012   LB 1570 .M77 2012 C15151 05/15/2018 1 10/18/2013 Books

Teaching and learning and the curriculum :

APA

Mufti E., Peace M., . (2012). Teaching and learning and the curriculum. New York: Continuum.

Chicago

Mufti Emmanuel, Peace Mark, . 2012. Teaching and learning and the curriculum. New York: Continuum.

Harvard

Mufti E., Peace M., . (2012). Teaching and learning and the curriculum. New York: Continuum.

MLA

Mufti Emmanuel, Peace Mark, . Teaching and learning and the curriculum. New York: Continuum. 2012.

  • Place hold
  • Print
  • Cite
  • Add to your cart (remove)
  • Save record
    BIBTEX Dublin Core MARCXML MARC (non-Unicode/MARC-8) MARC (Unicode/UTF-8) MARC (Unicode/UTF-8, Standard) MODS (XML) RIS
  • More searches
    Search for this title in:
    Other Libraries (WorldCat) Other Databases (Google Scholar) Online Stores (Bookfinder.com) Open Library (openlibrary.org)

Exporting to Dublin Core...

SOUTHVILLE LIBRARY

Southville International School and Colleges Library

1281 Tropical Ave. Cor. Luxembourg St., BF Homes International, Las Pinas City

Tel. No. 8256374 / 252358 Loc. 117/146

Powered by Koha